| 000 | 00532nam a2200193Ia 4500 | ||
|---|---|---|---|
| 003 | LK-CoDNM | ||
| 008 | 010623t2003 xxu||||| |||| 00| 1 sin d | ||
| 040 |
_aLK-CoDNM _dLK-CoDNM _eLK-CoDNM |
||
| 041 | _asin | ||
| 080 | _a929 SAD | ||
| 100 |
_aLeelarathna, Upali _radp |
||
| 245 | _aයකඩ මිනිසා - සදාමි හුසේන් | ||
| 246 | _aYakada minisa : Sadam Hussene | ||
| 260 |
_bS.Godage _aColombo _c2003 |
||
| 300 | _b126, 21.5 cm | ||
| 650 | _aBiography | ||
| 650 | _aSadam Hussene | ||
| 942 | _cBK | ||
| 999 |
_c123118 _d123118 |
||